000
00327nam a22001457a 4500
003
SGT
020
_a
9780470084908
082
_a
741.3
_b
KER
100
_a
KERLOW ISAAC
245
_a
THE ART OF 3D COMPUTER ANIMATION AND EFFECTS
250
_a
4TH
260
_a
CANADA
_b
WILEY PUB
_c
2008
300
_a
499
942
_2
ddc
_c
BK
999
_c
34667
_d
34667